Real Madrid 21st Century best Starting XI - Statistics

General Stats
  • This quiz has been taken 171 times
    97 since last reset
  • The average score is 9 of 11
Answer Stats
Position Player % Correct
LW Ronaldo
99%
CB Ramos
98%
GK Casillas
97%
CM Modrić
94%
CM Kroos
90%
LB Roberto Carlos
82%
ST Raúl
79%
CB Varane
77%
RB Marcelo
74%
AM Zidane
72%
RW Figo
54%
No matching quizzes found
Score Distribution
Percent of People with Each Score
Percentile by Number Answered
Your Score History
You have not taken this quiz since the last reset